01568nam0a22002531 4500001001500000005001700015035002600032100004100058101000800099102000700107105001800114200069300132210005000825215001600875300008400891316007600975512006501051702004101116702006801157702002401225801001801249801002701267852002001294v19\rc\153122520250618174807.0 a(NLR Aleph) 004651302 a20060620d1910 |||y0rusy50 ca0 arus aRU ay z |||||1 aНовый полный оракул и чародей предсказывающий будущее по предложенным вопросам с присовокуплением легчайшего способа гадать и отгадывать на картах, бобах и кофеiТолкователь снов египетских и индийских мудрецов и астрономовiВорожея, отгадывающая имена, кто кого любит, или о ком задумаетiПредсказания Брюса и Мартына ЗадекиiФокусы и волшебные игры славного Пинетти aМоскваcИ.Д. Сытин и К°d1910 a226, II с. aЗагл. обл.: Новый полный оракул и чародей aЭкземпляр РНБ (38.76.4.35): утрачен5NLR: 38.76.4.350 aНовый полный оракул и чародей 1aЗадекаbМ.gМартын4570 1aБрюсbР.В.f1668-1720gРоман Вилимович4570 1aПинетти4570 0aRUbNLRgpsbo 1aRUbProSoft-M2rusmarc aNLRj38.76.4.35